Представление документа в формате RUSMARC

ПолеНазваниеЗначение
  Тип записи i
  Библиографический уровень m
001 Контрольный номер RU/IS/BASE/395409194
005 Дата корректировки 20250218120836.4
010 Индекс ISBN __
d Цена 209-52
101 Язык документа 0_
a Язык текста rus
200 Заглавие и сведения об ответственности 1_
a Заглавие Парень из преисподней
e Сведения, относящиеся к заглавию [аудиокнига]
f Первые сведения об ответственности Аркадий и Борис Стругацкие ; звукорежиссер Дмитрий Волков ; читает Влад Копп
b Общее обозначение материала Звукозапись
210 Выходные данные 1_
a Место издания М.
c Издательство Вокруг света
c Издательство Равновесие
d Дата издания 2012
215 Физическое описание __
a Объем 1 электрон. опт. диск (Audio CD) (3 ч. 49 мин.)
225 Серия 2_
a Серия Полдень XXI век
300 Общие примечания __
a Общие примечания CD-плеер с поддержкой MP3 ; Pentium- II с Windows 200/XP/7 ; 256 МБ ОЗУ ; CD/DVD-ROM ; звуковая карта
323 Примечание о главных создателях, исполнителях, участниках __
a Примечание о главных создателях, исполнителях, участниках Копп, В. (читает)
330 Аннотация __
a Аннотация На земле XXII века появляется простой военный парень Гаг, чья планета так похожа на наш сегодняшний, неустроенный, но такой родной мир…
333 Примечание о целевом назначении __
a Примечание о целевом назначении 12+. Для детей старше 12 лет
606 Тематические рубрики __
a Основная рубрика Художественная литература
z Хронологическая подрубрика 20 в.
y Географическая подрубрика Россия; СССР
606 Тематические рубрики __
a Основная рубрика Русская литература XX в. (произведения)
610 Ключевые слова 0_
a Ключевые слова фантастика; фантастическая проза; фантастические повести; фантастические произведения; тема приключений; тема будущего; тема личности; тема человека; советская литература; тема космоса; тема прогресса
686 Индексы других классификаций __
a Классификационный индекс 84(2Рос=Рус)6-445я04
700 Автор _1
a Фамилия Стругацкий
b Имя А. Н.
g Полное личное имя Аркадий Натанович
4 Код отношения 070
701 Альтернативная интеллектуальная ответственность _1
a Фамилия Стругацкий
b Имя Б. Н.
g Полное личное имя Борис Натанович
4 Код отношения 070
702 Вторичная интеллектуальная ответственность _1
a Фамилия Волков
b Имя Д.
4 Код отношения Звукорежиссер
4 Код отношения 570
801 Источник записи _0
a Страна RU
b Организация Муниципальное бюджетное учреждение культуры "Централизованная библиотечная система" г. Сургут (Центральная городская библиотека им. А. С. Пушкина)
g Правила каталогизации КиК/Котельникова
801 Источник записи _1
a Страна RU
b Организация Муниципальное бюджетное учреждение культуры "Централизованная библиотечная система" г. Сургут (Центральная городская библиотека им. А. С. Пушкина)
g Правила каталогизации КиК/Котельникова
852 Данные о местонахождении __
j Шифр хранения 84(2Рос=Рус)6-445я04
i Авторский знак С 87
901 Тип документа __
t Тип документа 0
903 Характеристики (МАРС) __
a Дата передачи 20120712
969 Тип издания __
a Тип издания аудиокнига
990 Данные о заказе (DOS) __
j Количество экземпляров (DOS) 5
h N записи в КСУ для Б/У (DOS) 201207